00326 a2200133 450000100060000002000220000604000240002810000330005224000330008524500280011830000060014636200090015265000310016146271 a978-85-08-14542-3 cAnchieta - Aquarius aNigro, Rogério Gonçalves10aEsperança é o bicholpor10aEsperança é o bicho a 0 a2011 4aLiteratura infanto-juvenil